000
00288 a2200097 4500
090
_c
3941
_d
3941
100
_a
Grey Holden,
245
_a
Dreamweaver Visual Insight
_b
Learnig Technology /through/visual/instruction
260
_a
Dreamtech Press
_b
New Delhi
_c
2001
942
_a
NBS
_c
BK
_k
005.3 HOL
999
_c
346401
_d
346401